000 00439nam a22001577a 4500
005 20251108172259.0
008 250721s1988 xx 000 0 ara d
082 1 4 _a613.9/معن
100 1 _aريشا، مهن ضاهر
245 1 0 _aوسائل منع الحمل و الإجهاض /
264 1 _aطرابلس :
_bجروس برس،
_c1988.
300 _a112ص
650 1 7 _aتحديد النسل
942 _2ddc
_cBK
999 _c75032
_d75032